000 00297nam a22001217a 4500
008 160421b xxu||||| |||| 00| 0 eng d
020 _a9780781736282
020 _a0781736285
041 _aeng
080 _a618.2
245 _aMaternal e child health nursing:
_cAdele Pillitteri;
942 _2udc
_cBK
999 _c1481
_d1481